Premier League Clubs by Badge - Statistics

General Stats
  • This quiz has been taken 2,590 times
    626 since last reset
  • The average score is 18 of 20
Answer Stats
Picture Answer % Correct
Arsenal
99%
{Manchester} United
98%
Liverpool
97%
{West} {Ham} United
94%
Brentford
93%
Chelsea
93%
{Nottingham} {Forest}
93%
{Wolverhampton} {Wanderers}
93%
{Manchester} City
92%
{Aston} {Villa}
91%
{Brighton} & {Hove} {Albion}
91%
Bournemouth
90%
{Leeds} United
89%
{Crystal} {Palace}
87%
Sunderland
87%
Everton
86%
{Tottenham} {Hotspur}
86%
{Newcastle} United
84%
Burnley
78%
Fulham
77%
No matching quizzes found
Score Distribution
Percent of People with Each Score
Percentile by Number Answered
Your Score History
You have not taken this quiz since the last reset